PROPOSAL FOR AUTOMATION OF THE HOUSE BUI (Record no. 36098)

MARC details
000 -LEADER
fixed length control field 00250nam a2200097Ia 4500
008 - FIXED-LENGTH DATA ELEMENTS--GENERAL INFORMATION
fixed length control field 240625s9999 xx 000 0 und d
041 ## - LANGUAGE CODE
Language code of text/sound track or separate title eng
082 ## - DEWEY DECIMAL CLASSIFICATION NUMBER
Classification number 808.20 CHA
100 ## - MAIN ENTRY--PERSONAL NAME
Personal name CHAKRABORTY SHREYASHI
245 ## - TITLE STATEMENT
Title PROPOSAL FOR AUTOMATION OF THE HOUSE BUI
Holdings
Withdrawn status Lost status Damaged status Not for loan Home library Current library Shelving location Date acquired Barcode Date last seen Price effective from Koha item type
        IMTN IMTN Rack 38-A 04/24/2010 SP839 06/25/2024 06/25/2024 Sp
Designed & Maintained by: LRC IMT Nagpur Contact: lrc@imtnag.ac.in© 2024. All Rights Reserved.